000
00265nam a2200097Ia 4500
008
210430s9999 xx 000 0 und d
082
_a
620.11 R1651M
100
_a
Kiddle, P F
_9
54066
245
_a
Materials Technology for TEC Level 2
_c
Kiddle, P F
942
_c
BK
_2
ddc
999
_c
564527
_d
564527